000
00198 a2200097 4500
020
_a
9780385335881
041
_a
eng
100
_a
Kinsella, Sophie
245
_a
Shopaholic takes manhattan
942
_c
BK
999
_c
8495
_d
8495